01239nam a22002894c 4500003000900000008004100009020001800050040002500068041001800093080001100111100002200122245002200144264003200166300004100198336002700239337003300266338002800299490002800327520032700355521002400682650004600706650001500752700003500767942001400802999001300816952012000829AR-BaSMT240627b2017 enka|||ar|||| 000 1 ing d a9781474922098 aBSGBbespañolerda0 ainghInglés a82-34 1 aSims, Lesley947910aChimp with a limp aLondres : bUsrborne,c2017 a24 páginas ; bilustraciones color 2rdacontentatextobtxt 2rdamediaasin mediaciónbn 2rdacarrieravolumenbnc aUsborne Phonics Readers aA lively story with humorous illustrations, ideal for children who are beginning to read for themselves, or for reading aloud together. With simple rhyming text and phonic repetition specially designed to develop essential language and early reading skills. Guidance notes for parents are included at the back of the book. aJardín / Primaria 798aLITERATURA INFANTILvInglésxPhonics 7923aCUENTO1 aSemple, David9478eIlustrador 2ddcaBOOK c644d644 00102ddc40aBSGBbBSGBcInglés - AmarilloeCompra feria del libro 2026i000904l0o82-34 SIMp000904t1yBOOKf